000 00528nam a2200169 i 4500
001 89858
003 ES-MaACL
005 20230906180304.0
007 t|
008 050114s1969 sp ||||1| spa d
100 1 _aLatham, James L.
_970520
245 1 0 _aRelaciones humanas en la empresa /
_cJames L. Latham ; [traducción y revisión, Joaquín López Veraza].
260 _aBarcelona :
_bSagitario,
_c1969.
300 _a315 p. ;
_c22 cm.
700 1 _aLópez Veraza, Joaquín.
_974023
852 _aES-MaACL
_jC-38536
_bR.69979
999 _c89858
_d89858